000
00325nam a2200133Ia 4500
008
200103s9999||||xx |||||||||||||| ||und||
040
_a
IMU-MPC
082
_a
Column-46
100
_a
HMSO, London
245
0
_a
Handbook of Meteorological Instruments Part 2
260
_b
HMSO, London
_c
1961
300
_a
ix, 209
942
_c
BK
999
_c
9335
_d
9335